Online
Catalog

Escrito ayer : (Record no. 24878)

MARC details
000 -CABECERA
campo de control de longitud fija 00522cam a2200169 a 4500
001 - NÚMERO DE CONTROL
campo de control 000025386
005 - FECHA Y HORA DE LA ÚLTIMA TRANSACCIÓN
campo de control 20200930023742.0
008 - DATOS DE LONGITUD FIJA--INFORMACIÓN GENERAL
campo de control de longitud fija 901219s2003 cu 000 | spa d
040 ## - FUENTE DE LA CATALOGACIÓN
Centro catalogador/agencia de origen DO-SdBNP
Lengua de catalogación spa
Centro/agencia transcriptor BNPHU
082 ## - NÚMERO DE LA CLASIFICACIÓN DECIMAL DEWEY
Número de clasificación xxx
Número de documento/Ítem M358e
049 ## - FONDOS LOCALES (OCLC)
Fondos de biblioteca BNGR
100 1# - ENTRADA PRINCIPAL--NOMBRE DE PERSONA
Nombre de persona Marrero, Leví
9 (RLIN) 46889
245 10 - MENCIÓN DE TÍTULO
Título Escrito ayer :
Resto del título papeles cubanos /
Mención de responsabilidad, etc. Leví Marrero.
260 ## - PUBLICACIÓN, DISTRIBUCIÓN, ETC.
Lugar de publicación, distribución, etc. [Puerto Rico] :
Nombre del editor, distribuidor, etc. Capiro,
Fecha de publicación, distribución, etc. 2003.
Lugar de fabricación/manufactura Santo Domingo,
Fabricante Taller
300 ## - DESCRIPCIÓN FÍSICA
Extensión 318 p. ;
Dimensiones 23 cm.
500 ## - NOTA GENERAL
Nota general Incluye referencia bibliográfico al pie de páginas
Holdings
Estado de retiro Estado de pérdida Restricciones de uso No para préstamo Código de colección Localización permanente Ubicación/localización actual Ubicación en estantería Fecha de adquisición Número de inventario Total de préstamos Signatura topográfica completa Código de barras Fecha visto por última vez Precio válido a partir de Tipo de ítem Koha Número de copia
      Excluido de préstamo Monografías: Libros y Folletos General General En catalogación 15.02.2011 LF1   xxx M358e 25386-10 25.06.2020 25.06.2020 No se presta  
      Excluido de préstamo Monografías: Libros y Folletos General General En catalogación 15.02.2011 LF1   xxx M358e 25386-20 25.06.2020 25.06.2020 No se presta e.2

Powered by Koha